| 000 | 00436nam a2200121Ia 4500 | ||
|---|---|---|---|
| 008 | 220615s9999||||xx |||||||||||||| ||und|| | ||
| 100 | _aAta Amini | ||
| 245 | 0 | _aClimate Change and Global Warming | |
| 546 | _aEnglish[eng] | ||
| 650 | _aClimatology||Physical Sciences||Engineering and Technology||Climate Change||Earth and Planetary Sciences | ||
| 856 | _uhttps://www.intechopen.com/books/climate-change-and-global-warming | ||
| 942 | _cEB | ||
| 999 |
_c13844 _d13844 |
||